[Event "Thanksgiving op"]
[Site "Toronto CAN"]
[Date "2002.10.13"]
[Round "3"]
[White "Findlay, Ian"]
[Black "Noritsyn, Nikolay"]
[Result "1-0"]
[WhiteElo "2368"]
[BlackElo "2093"]
[PlyCount "79"]
[EventDate "2002.10.12"]
[EventType "swiss"]
[EventRounds "6"]
[EventCountry "CAN"]

1. e4 e5 2. Nf3 Nc6 3. Bb5 a6 4. Ba4 Nf6 5. O-O Nxe4 6. d4 b5 7. Bb3 d5 8. dxe5
Be6 9. Nbd2 Nxd2 10. Qxd2 Qd7 11. a4 b4 12. a5 Nb8 13. Nd4 c6 14. c3 bxc3 15.
Qxc3 Ra7 16. Be3 Rc7 17. Ba4 Be7 18. Rac1 Qc8 19. Nxc6 O-O 20. Bb6 Rb7 21.
Nxe7+ Rxe7 22. Qa3 Qb7 23. Bc5 Ree8 24. b4 d4 25. Bxd4 Rc8 26. Bc5 Rfd8 27. Bd6
Nc6 28. Qf3 Bd7 29. Rc3 Qa8 30. Bb3 Be6 31. Bxe6 fxe6 32. Qg4 Re8 33. Rfc1 h5
34. Qxh5 Nd4 35. Rc7 Rxc7 36. Rxc7 Nf5 37. Qf7+ Kh7 38. Qh5+ Kg8 39. g4 Nh6 40.
Qg6 1-0

[Event "Thanksgiving op"]
[Site "Toronto CAN"]
[Date "2002.10.13"]
[Round "3"]
[White "Kagramanov, Dina"]
[Black "Avramov, Angelo"]
[Result "1-0"]
[WhiteElo "2109"]
[BlackElo "2100"]
[PlyCount "39"]
[EventDate "2002.10.12"]
[EventType "swiss"]
[EventRounds "6"]
[EventCountry "CAN"]

1. e4 e5 2. Nf3 Nc6 3. Bc4 Nf6 4. d3 h6 5. c3 Be7 6. Nbd2 O-O 7. Nf1 d5 8. exd5
Nxd5 9. Ng3 Be6 10. O-O f5 11. Re1 Bd6 12. b4 Qf6 13. Bb2 Kh8 14. b5 Na5 15.
Nh5 Qf7 16. Bxd5 Qxh5 17. Bxe6 e4 18. dxe4 fxe4 19. Rxe4 Rxf3 20. Qxf3 1-0

[Event "Thanksgiving op"]
[Site "Toronto CAN"]
[Date "2002.10.13"]
[Round "3"]
[White "Nickoloff, Bryon"]
[Black "Aronov, Yuri"]
[Result "1/2-1/2"]
[WhiteElo "2472"]
[BlackElo "2243"]
[PlyCount "58"]
[EventDate "2002.10.12"]
[EventType "swiss"]
[EventRounds "6"]
[EventCountry "CAN"]

1. d4 Nf6 2. c4 g6 3. Nc3 Bg7 4. e4 d6 5. Be2 O-O 6. Nf3 e5 7. Be3 Na6 8. O-O
Ng4 9. Bg5 Qe8 10. dxe5 dxe5 11. h3 Nf6 12. Be3 b6 13. a3 Bb7 14. Qc2 Nc5 15.
Bxc5 bxc5 16. Nd2 c6 17. Na4 Nd7 18. Nb3 Qe7 19. Bg4 f5 20. exf5 h5 21. f6 Nxf6
22. Bf3 e4 23. Rae1 Qf7 24. Bxe4 Nxe4 25. Rxe4 Bc8 26. Qe2 Bf5 27. Re7 Rae8 28.
Rxf7 Rxe2 29. Rxa7 Bc2 1/2-1/2

[Event "Thanksgiving op"]
[Site "Toronto CAN"]
[Date "2002.10.13"]
[Round "3"]
[White "Smith, Hazel"]
[Black "Thavandiran, Shiyam"]
[Result "1-0"]
[WhiteElo "1873"]
[BlackElo "1997"]
[PlyCount "99"]
[EventDate "2002.10.12"]
[EventType "swiss"]
[EventRounds "6"]
[EventCountry "CAN"]

1. e4 e6 2. d4 d5 3. Nd2 Be7 4. c3 Nf6 5. e5 Nfd7 6. Bd3 c5 7. Ne2 Nc6 8. Nf3
a6 9. O-O g5 10. Kh1 g4 11. Ne1 Qb6 12. Bb1 h5 13. f3 Qc7 14. Qd2 b6 15. fxg4
Bb7 16. g5 Rg8 17. Nf3 O-O-O 18. Qf4 Rdf8 19. Bd2 Kb8 20. Ng3 h4 21. Nh5 Rh8
22. Nf6 Bxf6 23. gxf6 Rfg8 24. Bd3 Nf8 25. b4 Ng6 26. Qe3 Kc8 27. a4 c4 28. Bc2
a5 29. b5 Na7 30. Bc1 Kd8 31. Ba3 Nc8 32. Ng5 Qd7 33. Nxe6+ Qxe6 34. Bf5 Qe8
35. e6 Kc7 36. Bxg6 Rxg6 37. Qe5+ Kd8 38. Be7+ Nxe7 39. fxe7+ Qxe7 40. Qb8+ Bc8
41. Qxb6+ Qc7 42. e7+ Kd7 43. e8=Q+ Rxe8 44. Rxf7+ Re7 45. Rxe7+ Kxe7 46. Qxc7+
Bd7 47. Re1+ Re6 48. Rxe6+ Kxe6 49. Qe5+ Kf7 50. Qxd5+ 1-0

[Event "Thanksgiving op"]
[Site "Toronto CAN"]
[Date "2002.10.13"]
[Round "3"]
[White "Solis, Jaime"]
[Black "Sviridovitch, Alina"]
[Result "0-1"]
[WhiteElo "1805"]
[BlackElo "1840"]
[PlyCount "118"]
[EventDate "2002.10.12"]
[EventType "swiss"]
[EventRounds "6"]
[EventCountry "CAN"]

1. e4 c5 2. Nf3 e6 3. d4 cxd4 4. Nxd4 a6 5. Be2 Nf6 6. Nc3 d6 7. O-O Be7 8. Be3
b5 9. a3 Bb7 10. f3 Nbd7 11. Qd2 Qc7 12. Rfd1 O-O 13. Rac1 Rac8 14. Ncxb5 axb5
15. Nxb5 Qb8 16. Nxd6 Bxd6 17. Qxd6 Qxd6 18. Rxd6 Ne5 19. Kf2 Bxe4 20. c4 Bc6
21. b4 Neg4+ 22. fxg4 Ne4+ 23. Ke1 Nxd6 24. b5 Bxb5 25. cxb5 Rxc1+ 26. Bxc1 f5
27. a4 Ra8 28. Bd1 Kf7 29. gxf5 exf5 30. Bb3+ Ke8 31. Bb2 g6 32. Kd2 Ne4+ 33.
Ke3 Nc5 34. Bd5 Rxa4 35. b6 Kd7 36. Be5 Rb4 37. Bd4 f4+ 38. Kxf4 Rxd4+ 39. Ke5
Rb4 40. Bg8 Nd3+ 41. Kf6 Rxb6+ 42. Kg7 Nf4 43. Bxh7 g5 44. Be4 Nh5+ 45. Kf7
Rf6+ 46. Kg8 Ke7 47. Bf3 Rf8+ 48. Kh7 Rxf3 49. gxf3 Kf6 50. Kh6 Nf4 51. Kh7 Ke5
52. Kh6 Kf5 53. Kh7 Nh3 54. Kh6 Kf4 55. Kh5 Kxf3 56. Kg6 Kg2 57. Kf5 Kxh2 58.
Kg4 Kg2 59. Kh5 Kf3 0-1

[Event "Thanksgiving op"]
[Site "Toronto CAN"]
[Date "2002.10.13"]
[Round "4"]
[White "Aronov, Yuri"]
[Black "Findlay, Ian"]
[Result "1/2-1/2"]
[WhiteElo "2243"]
[BlackElo "2368"]
[PlyCount "74"]
[EventDate "2002.10.12"]
[EventType "swiss"]
[EventRounds "6"]
[EventCountry "CAN"]

1. d4 Nf6 2. c4 c5 3. d5 e6 4. Nc3 exd5 5. cxd5 d6 6. e4 g6 7. h3 Bg7 8. Nf3
O-O 9. Bd3 Bd7 10. Bf4 Re8 11. a4 Nxe4 12. O-O Nxc3 13. bxc3 Qf6 14. Bg3 Bf5
15. Bxf5 Qxf5 16. Bxd6 Rd8 17. Bxc5 Rxd5 18. Bd4 Nc6 19. Qb3 Nxd4 20. cxd4 Qd7
21. a5 Rc8 22. Ra4 Bxd4 23. Nxd4 Rxd4 24. Rxd4 Qxd4 25. Qxb7 Rc2 26. a6 Ra2 27.
Qb8+ Kg7 28. Qb7 h5 29. h4 Qb6 30. Qxb6 axb6 31. Rc1 Rxa6 32. Rc6 Kf8 33. Kh2
Ke7 34. f3 Ra4 35. Rxb6 Rxh4+ 36. Kg3 Rc4 37. Rb7+ Kf6 1/2-1/2

[Event "Thanksgiving op"]
[Site "Toronto CAN"]
[Date "2002.10.13"]
[Round "4"]
[White "Noritsyn, Nikolay"]
[Black "Sviridovitch, Alina"]
[Result "1-0"]
[WhiteElo "2093"]
[BlackElo "1840"]
[PlyCount "75"]
[EventDate "2002.10.12"]
[EventType "swiss"]
[EventRounds "6"]
[EventCountry "CAN"]

1. e4 c5 2. Nf3 e6 3. d4 cxd4 4. Nxd4 a6 5. Bd3 Bc5 6. Nb3 Be7 7. O-O d6 8. Be3
Nf6 9. Nc3 Nbd7 10. f4 O-O 11. f5 Ne5 12. Qe2 Qc7 13. a4 b6 14. Kh1 Bb7 15. Nd4
Nxd3 16. cxd3 e5 17. Nc2 d5 18. exd5 Nxd5 19. Nxd5 Bxd5 20. f6 Bxf6 21. Rxf6
gxf6 22. Bh6 Kh8 23. Ne3 Be6 24. Bxf8 Rxf8 25. Rf1 Qe7 26. Qd2 Rd8 27. Nd1 Bc4
28. Nf2 e4 29. Qc3 Bxd3 30. Re1 Qe5 31. Qd2 Qd4 32. h3 f5 33. Qg5 f6 34. Qh6
Qxb2 35. Nxd3 exd3 36. Re7 Qc1+ 37. Qxc1 d2 38. Qd1 1-0

[Event "Thanksgiving op"]
[Site "Toronto CAN"]
[Date "2002.10.13"]
[Round "4"]
[White "Rolfe, Warrick"]
[Black "Nickoloff, Bryon"]
[Result "0-1"]
[WhiteElo "2223"]
[BlackElo "2472"]
[PlyCount "54"]
[EventDate "2002.10.12"]
[EventType "swiss"]
[EventRounds "6"]
[EventCountry "CAN"]

1. e4 c5 2. Nf3 d6 3. d4 cxd4 4. Nxd4 Nf6 5. Nc3 Nc6 6. Be2 e5 7. Nb3 Be7 8.
O-O O-O 9. Be3 Be6 10. Bf3 Na5 11. Nxa5 Qxa5 12. Qd2 Rfc8 13. Rfd1 Qb4 14. Nd5
Nxd5 15. exd5 Qxd2 16. Rxd2 Bd7 17. Be2 b5 18. c4 bxc4 19. Rc1 c3 20. bxc3 h6
21. Rb2 Bg5 22. Bxg5 hxg5 23. Bb5 Rcb8 24. Rcb1 Bf5 25. Rc1 a6 26. Bc6 Rxb2 27.
Bxa8 Rxa2 0-1

[Event "Thanksgiving op"]
[Site "Toronto CAN"]
[Date "2002.10.14"]
[Round "5"]
[White "Findlay, Ian"]
[Black "Kagramanov, Dina"]
[Result "1-0"]
[WhiteElo "2368"]
[BlackElo "2109"]
[PlyCount "57"]
[EventDate "2002.10.12"]
[EventType "swiss"]
[EventRounds "6"]
[EventCountry "CAN"]

1. e4 c5 2. Nf3 e6 3. d4 cxd4 4. Nxd4 a6 5. Nc3 b5 6. Bd3 Qb6 7. Nb3 Qc7 8. Qe2
Bb7 9. O-O Nf6 10. Bd2 d6 11. a4 b4 12. Na2 d5 13. e5 Nfd7 14. f4 Nc6 15. Kh1
Be7 16. Qe1 a5 17. c3 bxc3 18. Nxc3 Nb6 19. Nb5 Qb8 20. Bb1 Ba6 21. N3d4 O-O
22. Ra3 h6 23. Rh3 Bc5 24. Rff3 Rc8 25. Qg3 Kh8 26. Nxe6 fxe6 27. Rxh6+ Kg8 28.
Rh7 Bf8 29. Qg6 1-0

[Event "Thanksgiving op"]
[Site "Toronto CAN"]
[Date "2002.10.14"]
[Round "5"]
[White "Nickoloff, Bryon"]
[Black "Noritsyn, Nikolay"]
[Result "1/2-1/2"]
[WhiteElo "2472"]
[BlackElo "2093"]
[PlyCount "33"]
[EventDate "2002.10.12"]
[EventType "swiss"]
[EventRounds "6"]
[EventCountry "CAN"]

1. d4 d5 2. c4 e6 3. Nc3 c5 4. Nf3 Nc6 5. cxd5 exd5 6. g3 Nf6 7. Bg2 Be7 8. O-O
O-O 9. Bg5 Be6 10. dxc5 Bxc5 11. Bxf6 Qxf6 12. Nxd5 Qxb2 13. Nc7 Rad8 14. Qc1
Qxc1 15. Raxc1 b6 16. Nxe6 fxe6 17. e3 1/2-1/2

[Event "Thanksgiving op"]
[Site "Toronto CAN"]
[Date "2002.10.14"]
[Round "6"]
[White "Urquhart, Eddie"]
[Black "Findlay, Ian"]
[Result "0-1"]
[WhiteElo "2278"]
[BlackElo "2368"]
[PlyCount "77"]
[EventDate "2002.10.12"]
[EventType "swiss"]
[EventRounds "6"]
[EventCountry "CAN"]

1. d4 Nf6 2. Bg5 e6 3. e4 h6 4. Bxf6 Qxf6 5. Qd2 g5 6. Nc3 d6 7. Bc4 Nc6 8.
Nge2 Bg7 9. Nb5 Qe7 10. c3 a6 11. Na3 Bd7 12. O-O O-O-O 13. b4 Na7 14. Rab1 d5
15. exd5 exd5 16. Bd3 Rhe8 17. Ng3 Bf8 18. Nc2 Kb8 19. Ne3 Bb5 20. Rfe1 Qd7 21.
Bc2 Nc8 22. Nh5 Qc6 23. Ng4 Bd6 24. Rxe8 Rxe8 25. a4 Bxa4 26. Bxa4 Qxa4 27.
Nxh6 Rh8 28. Qxg5 Qc2 29. Re1 Qh7 30. Qxd5 Qxh6 31. g4 Qg6 32. h3 Ne7 33. Qg2
Nf5 34. Kf1 Ne7 35. Qe4 Qxe4 36. Rxe4 Nd5 37. Kg2 Nxc3 38. Re1 Nd5 39. Ng7 0-1

[Event "Thanksgiving op"]
[Site "Winnipeg CAN"]
[Date "2002.10.11"]
[Round "1"]
[White "Gannon, Keith"]
[Black "Haapamaki, Eric"]
[Result "0-1"]
[WhiteElo "1524"]
[BlackElo "1827"]
[PlyCount "64"]
[EventDate "2002.10.11"]
[EventType "swiss"]
[EventRounds "5"]
[EventCountry "CAN"]

1. e4 c5 2. d3 g6 3. Be2 Bg7 4. Nf3 d6 5. O-O Nf6 6. Nc3 O-O 7. Re1 Nc6 8. Be3
Qa5 9. Nd2 Bd7 10. Nb3 Qb4 11. a3 Qb6 12. Qd2 Rfc8 13. Rac1 Nd4 14. Bxd4 cxd4
15. Nd5 Nxd5 16. exd5 Ba4 17. Qd1 Bh6 18. Ra1 Rc7 19. Bg4 f5 20. Bf3 Rac8 21.
Re2 Bxb3 22. cxb3 Rc1 23. Rxc1 Rxc1 24. Qxc1 Bxc1 25. Rxe7 Bxb2 26. Bd1 Qc5 27.
Be2 b5 28. b4 Qc1+ 29. Bf1 Bxa3 30. Rxa7 Bxb4 31. Rb7 Be1 32. Rxb5 Bxf2+ 0-1

[Event "Thanksgiving op"]
[Site "Winnipeg CAN"]
[Date "2002.10.11"]
[Round "1"]
[White "Lange, John"]
[Black "Rutter, Blair"]
[Result "0-1"]
[WhiteElo "1417"]
[BlackElo "1596"]
[PlyCount "52"]
[EventDate "2002.10.11"]
[EventType "swiss"]
[EventRounds "5"]
[EventCountry "CAN"]

1. e4 e6 2. d4 d5 3. e5 c5 4. c3 Nc6 5. Ne2 Bd7 6. Be3 cxd4 7. cxd4 Rc8 8. a3
Nge7 9. Ng3 Nf5 10. Nxf5 exf5 11. Nc3 Be6 12. g3 a6 13. Bg2 Be7 14. Qb3 b5 15.
Bxd5 Na5 16. Qa2 Nc4 17. Bxe6 fxe6 18. O-O O-O 19. Rac1 Qd7 20. Ne2 g5 21. b3
Nb6 22. f4 Nd5 23. Bd2 gxf4 24. Nxf4 Nxf4 25. Rxc8 Qxd4+ 26. Rf2 Nh3+ 0-1

[Event "Thanksgiving op"]
[Site "Winnipeg CAN"]
[Date "2002.10.11"]
[Round "1.1"]
[White "Pottinger, Carl"]
[Black "Lipnowski, Samuel"]
[Result "0-1"]
[WhiteElo "1591"]
[BlackElo "2069"]
[PlyCount "46"]
[EventDate "2002.10.11"]
[EventType "swiss"]
[EventRounds "5"]
[EventCountry "CAN"]

1. e4 e5 2. Nf3 Nc6 3. Bb5 Nf6 4. Nc3 Bc5 5. O-O O-O 6. d3 d6 7. Bxc6 bxc6 8.
Bg5 Bg4 9. Qe2 d5 10. d4 Bxd4 11. Qd2 Bxf3 12. gxf3 Qd7 13. Bh4 Qh3 14. Bg3 Nh5
15. Rab1 Nxg3 16. hxg3 Qxg3+ 17. Kh1 Qxf3+ 18. Kh2 Bxc3 19. Qxc3 Rae8 20. Rg1
Re6 21. Qd2 Qh5+ 22. Kg2 f5 23. Rh1 Rg6+ 0-1

[Event "Thanksgiving op"]
[Site "Winnipeg CAN"]
[Date "2002.10.11"]
[Round "1.2"]
[White "Mu, Yuchen"]
[Black "Trueman, Francis"]
[Result "1-0"]
[WhiteElo "1880"]
[BlackElo "1542"]
[PlyCount "61"]
[EventDate "2002.10.11"]
[EventType "swiss"]
[EventRounds "5"]
[EventCountry "CAN"]

1. d4 Nf6 2. c4 d6 3. Nc3 g6 4. e4 Bg7 5. f3 O-O 6. Be3 Nbd7 7. Nge2 c6 8. g4
e5 9. d5 Qe7 10. Qd2 Nb6 11. Ng3 Bd7 12. h4 Nxg4 13. fxg4 Bxg4 14. Be2 Qd7 15.
h5 Rac8 16. Rh4 Bxe2 17. Qxe2 Bf6 18. Rh1 cxd5 19. Bxb6 axb6 20. Nxd5 Bd8 21.
Qf2 Qg4 22. Qh2 gxh5 23. Ne3 Qf4 24. Ngf5 Bg5 25. Qxh5 h6 26. Rg1 Kh7 27. Rg4
Qf3 28. Rxg5 Qxh5 29. Rxh5 Kg6 30. Rxh6+ Kg5 31. Kf2 1-0

[Event "Thanksgiving op"]
[Site "Winnipeg CAN"]
[Date "2002.10.11"]
[Round "1.4"]
[White "Katona, John"]
[Black "Anderson, Collin"]
[Result "1-0"]
[WhiteElo "1827"]
[BlackElo "1528"]
[PlyCount "41"]
[EventDate "2002.10.11"]
[EventType "swiss"]
[EventRounds "5"]
[EventCountry "CAN"]

1. e4 c5 2. c3 Nc6 3. d4 cxd4 4. cxd4 d5 5. exd5 Qxd5 6. Nf3 Nf6 7. Nc3 Qa5 8.
Bd2 a6 9. Be2 e6 10. O-O Qc7 11. Rc1 Bd6 12. Bg5 Be7 13. h3 O-O 14. a3 Rd8 15.
Qb3 Qa5 16. Be3 Bd7 17. Bd2 Nxd4 18. Nxd4 Ba4 19. Qxb7 Rab8 20. Qxe7 Rxd4 21.
Be3 1-0

[Event "Thanksgiving op"]
[Site "Winnipeg CAN"]
[Date "2002.10.11"]
[Round "1.5"]
[White "Anderson, George"]
[Black "Strub, Michael"]
[Result "0-1"]
[WhiteElo "1496"]
[BlackElo "1772"]
[PlyCount "55"]
[EventDate "2002.10.11"]
[EventType "swiss"]
[EventRounds "5"]
[EventCountry "CAN"]

1. e4 e5 2. f4 Bc5 3. Nf3 d6 4. Bc4 Nf6 5. d3 Ng4 6. d4 exd4 7. Nxd4 Qh4+ 8. g3
Qf6 9. c3 O-O 10. b4 Bb6 11. Na3 c5 12. bxc5 dxc5 13. Ne2 Nc6 14. O-O Na5 15.
e5 Qd8 16. Qc2 Nxc4 17. Nxc4 Be6 18. Nxb6 axb6 19. c4 Nh6 20. a4 Bf5 21. Qc3
Qd3 22. Qxd3 Bxd3 23. Rf2 Bxc4 24. Nc3 Rfd8 25. Bb2 Ng4 26. Rg2 Ne3 27. Rf2 Rd3
28. Ne4 0-1

[Event "Thanksgiving op"]
[Site "Winnipeg CAN"]
[Date "2002.10.11"]
[Round "1.9"]
[White "Bal, Shibashis"]
[Black "Tetrault, Charles"]
[Result "0-1"]
[WhiteElo "1233"]
[BlackElo "1608"]
[PlyCount "73"]
[EventDate "2002.10.11"]
[EventType "swiss"]
[EventRounds "5"]
[EventCountry "CAN"]

1. d4 Nf6 2. d5 c6 3. d6 exd6 4. Bf4 d5 5. Qd4 Be7 6. Nc3 O-O 7. O-O-O c5 8.
Qd2 d4 9. Bh6 dxc3 10. Qg5 cxb2+ 11. Kb1 g6 12. Bxf8 Qxf8 13. Nh3 d6 14. Qe3
Nc6 15. f3 Bxh3 16. gxh3 Nd4 17. f4 Nd5 18. Qg3 Bh4 19. Qa3 Nb5 20. Qxb2 Nbc3+
21. Kc1 Nxd1 22. Kxd1 Qg7 23. Qxb7 Nc3+ 24. Kd2 Qd4+ 25. Kc1 Qd1+ 26. Kb2 Qb1+
27. Kxc3 Qxb7 28. Rg1 Bf6+ 29. Kd2 Qb4+ 30. Kd1 Bc3 31. e3 Re8 32. Ke2 Qd4 33.
Rg3 Qd2+ 34. Kf3 Rxe3+ 35. Kg4 h5+ 36. Kh4 Bf6+ 37. Rg5 0-1

[Event "Thanksgiving op"]
[Site "Winnipeg CAN"]
[Date "2002.10.12"]
[Round "2"]
[White "Haapamaki, Eric"]
[Black "Tetrault, Claude"]
[Result "1-0"]
[WhiteElo "1827"]
[BlackElo "1591"]
[PlyCount "59"]
[EventDate "2002.10.11"]
[EventType "swiss"]
[EventRounds "5"]
[EventCountry "CAN"]

1. e4 c5 2. Nf3 d6 3. d4 cxd4 4. Nxd4 Nf6 5. Nc3 e6 6. Be3 Be7 7. Be2 Bd7 8.
O-O Nc6 9. f4 O-O 10. Qe1 a6 11. g4 Nxd4 12. Bxd4 e5 13. fxe5 dxe5 14. Bxe5
Bxg4 15. Bxf6 Qb6+ 16. Kh1 Bxf6 17. Nd5 Qe6 18. Nxf6+ gxf6 19. Bxg4 Qc6 20. Bf5
Rfd8 21. Rg1+ Kf8 22. Qb4+ Rd6 23. Rad1 Rad8 24. Rxd6 Rxd6 25. Rd1 Ke7 26.
Qxd6+ Qxd6 27. Rxd6 Kxd6 28. Bxh7 Ke5 29. Kg2 Kf4 30. Bf5 1-0

[Event "Thanksgiving op"]
[Site "Winnipeg CAN"]
[Date "2002.10.12"]
[Round "2"]
[White "Lange, John"]
[Black "Gannon, Keith"]
[Result "0-1"]
[WhiteElo "1417"]
[BlackElo "1524"]
[PlyCount "77"]
[EventDate "2002.10.11"]
[EventType "swiss"]
[EventRounds "5"]
[EventCountry "CAN"]

1. e4 c5 2. b3 d6 3. Bb2 e6 4. f4 Nc6 5. Nf3 Nf6 6. d3 Be7 7. Nbd2 O-O 8. Qe2
Nb4 9. Nc4 b5 10. Ne3 a5 11. a3 Nc6 12. g4 Ba6 13. h4 d5 14. exd5 Nxd5 15. Bg2
Bf6 16. Bxf6 Qxf6 17. Ne5 Nxe5 18. Nxd5 Nxd3+ 19. Qxd3 exd5 20. Bxd5 Qxa1+ 21.
Kd2 Qd4 22. Qxd4 cxd4 23. Bxa8 Rxa8 24. Kd3 Rd8 25. Re1 h6 26. b4 axb4 27. axb4
Bc8 28. f5 Bb7 29. Re5 Bc6 30. Rc5 Be8 31. Re5 f6 32. Re4 h5 33. gxh5 Bxh5 34.
Rxd4 Rb8 35. c4 bxc4+ 36. Kxc4 Be2+ 37. Kc5 Rb5+ 38. Kc6 Rxf5 39. Re4 0-1

[Event "Thanksgiving op"]
[Site "Winnipeg CAN"]
[Date "2002.10.12"]
[Round "2.1"]
[White "Lipnowski, Samuel"]
[Black "Strub, Michael"]
[Result "1-0"]
[WhiteElo "2069"]
[BlackElo "1772"]
[PlyCount "158"]
[EventDate "2002.10.11"]
[EventType "swiss"]
[EventRounds "5"]
[EventCountry "CAN"]

1. d4 d5 2. c4 e6 3. Nf3 Nf6 4. Nc3 Bb4 5. e3 O-O 6. Bd3 dxc4 7. Bxc4 c5 8. O-O
Nc6 9. a3 cxd4 10. exd4 Bxc3 11. bxc3 Na5 12. Ba2 b5 13. Ne5 Nd7 14. Qg4 Nxe5
15. dxe5 Qc7 16. Re1 Kh8 17. Re3 Nc4 18. Bxc4 Qxc4 19. Qg5 Qd5 20. h4 Qd1+ 21.
Kh2 h6 22. Qf4 Bb7 23. Rg3 Rad8 24. f3 Qc2 25. Qg4 Rg8 26. Qh5 Qf5 27. Rg5 Qh7
28. Rg4 Qf5 29. Rg5 Qh7 30. Rg3 Qf5 31. Qxf5 exf5 32. Be3 a6 33. Bd4 Bd5 34. f4
Kh7 35. a4 Bc4 36. axb5 Bxb5 37. Re1 Rde8 38. h5 Re6 39. Rc1 Rc8 40. Kh3 Rc4
41. Ra1 Rc8 42. Re3 Bc4 43. Rg1 Re7 44. Kh4 Rb7 45. g4 fxg4 46. f5 Rc6 47. Rxg4
Rb1 48. e6 Rh1+ 49. Rh3 Rxh3+ 50. Kxh3 f6 51. Kh4 Bb5 52. Re4 Rc8 53. Kg4 Kg8
54. Kf4 Be8 55. Kg4 Bb5 56. Re3 Kf8 57. Bb6 Ke8 58. Kf4 Rc4+ 59. Bd4 Rc8 60.
Ke4 Ke7 61. Re1 Bc6+ 62. Ke3 Bb5 63. Kd2 Bc4 64. Kc2 Bd5 65. Re3 Bc4 66. Kb2
Rb8+ 67. Kc2 Rb5 68. Rf3 Be2 69. Rf4 Bxh5 70. c4 Ra5 71. Bb6 Ra2+ 72. Kb3 Rd2
73. Kc3 Rd1 74. Kb4 Be2 75. Kc5 h5 76. Kc6 Rc1 77. c5 Bb5+ 78. Kc7 Rc2 79. Rd4
Rc1 1-0

[Event "Thanksgiving op"]
[Site "Winnipeg CAN"]
[Date "2002.10.12"]
[Round "2.4"]
[White "Rutter, Blair"]
[Black "Katona, John"]
[Result "0-1"]
[WhiteElo "1596"]
[BlackElo "1827"]
[PlyCount "88"]
[EventDate "2002.10.11"]
[EventType "swiss"]
[EventRounds "5"]
[EventCountry "CAN"]

1. d4 Nf6 2. c4 g6 3. Nc3 Bg7 4. e4 d6 5. Nf3 O-O 6. Be2 e5 7. d5 a5 8. Qc2
Nbd7 9. Be3 Ng4 10. Bd2 Nc5 11. h3 Nf6 12. Bg5 h6 13. Bh4 g5 14. Bg3 Nh5 15.
Nd2 Nf4 16. Bxf4 exf4 17. g3 fxg3 18. fxg3 f5 19. O-O-O fxe4 20. g4 e3 21. Nde4
Nxe4 22. Qxe4 Qe8 23. Qc2 Bd7 24. Rde1 Be5 25. Ne4 Qe7 26. Kb1 c6 27. Qd3 Bf4
28. Bd1 c5 29. Bc2 Qg7 30. Nc3 a4 31. a3 Rf7 32. Rhg1 Be5 33. Rg2 Bd4 34. Ka2
Raf8 35. Bb1 Rf2 36. Rxf2 Rxf2 37. Ka1 Rd2 38. Qf1 Bxc3 39. Re2 Bxb2+ 40. Ka2
Qc3 41. Bh7+ Kg7 42. Rxd2 Qxd2 43. Qb1 Bd4+ 44. Bc2 e2 0-1

[Event "Thanksgiving op"]
[Site "Winnipeg CAN"]
[Date "2002.10.12"]
[Round "2.5"]
[White "Tetrault, Charles"]
[Black "Vincent, Trevor"]
[Result "0-1"]
[WhiteElo "1591"]
[BlackElo "1893"]
[PlyCount "54"]
[EventDate "2002.10.11"]
[EventType "swiss"]
[EventRounds "5"]
[EventCountry "CAN"]

1. e4 c5 2. Nf3 Nc6 3. d4 cxd4 4. Nxd4 g6 5. Be2 Nf6 6. Nc3 Bg7 7. Nxc6 bxc6 8.
O-O O-O 9. Be3 d6 10. f4 Qa5 11. Kh1 Rb8 12. Rb1 Be6 13. e5 dxe5 14. fxe5 Nd5
15. Nxd5 Bxd5 16. c4 Be4 17. b4 Qc7 18. Rb3 Rbd8 19. Qc1 Qxe5 20. Ra3 Rd7 21.
Bxa7 Bxg2+ 22. Kxg2 Qxe2+ 23. Bf2 Bb2 24. Qe3 Qg4+ 25. Qg3 Qxc4 26. Rb3 Bf6 27.
a3 Rd5 0-1

[Event "Thanksgiving op"]
[Site "Winnipeg CAN"]
[Date "2002.10.12"]
[Round "2.6"]
[White "Hogeveen Rutter, Alexander"]
[Black "Pottinger, Carl"]
[Result "1/2-1/2"]
[WhiteElo "1438"]
[BlackElo "1591"]
[PlyCount "132"]
[EventDate "2002.10.11"]
[EventType "swiss"]
[EventRounds "5"]
[EventCountry "CAN"]

1. e4 c5 2. Nf3 d6 3. Nc3 g6 4. d4 cxd4 5. Nxd4 Bg7 6. Bb5+ Bd7 7. Bxd7+ Nxd7
8. O-O Ngf6 9. Bg5 O-O 10. Qd2 a6 11. f4 Qa5 12. Nb3 Qd8 13. f5 Rc8 14. Bh6 Nc5
15. Bxg7 Kxg7 16. Rae1 Qc7 17. Rf3 Rh8 18. Rh3 h6 19. Rg3 Nxb3 20. axb3 Qc5+
21. Kh1 b5 22. Re2 Rhd8 23. Rh3 Rh8 24. Rg3 Rcd8 25. Qe3 Rhe8 26. Rh3 Qxe3 27.
Rhxe3 d5 28. e5 Ng8 29. f6+ exf6 30. exf6+ Nxf6 31. Rxe8 Nxe8 32. Kg1 Nf6 33.
Re7 d4 34. Nd1 d3 35. c3 Rd6 36. h3 Nd7 37. Kf2 a5 38. Ke3 b4 39. Kd2 Nc5 40.
cxb4 axb4 41. Ke3 Kf6 42. Rc7 Nxb3 43. Rb7 Na1 44. Ke4 Nc2 45. Nf2 d2 46. Nd1
Rd4+ 47. Kf3 Kg5 48. Rxf7 Na1 49. Ke3 Nb3 50. g3 h5 51. Re7 Kf5 52. Re8 Rd5 53.
Rf8+ Kg5 54. Rf4 Re5+ 55. Re4 Kf5 56. Rxe5+ Kxe5 57. Kd3 g5 58. Nf2 h4 59. gxh4
gxh4 60. Ke3 Kd5 61. Kd3 Nd4 62. Kxd2 Kc4 63. Nd3 Kb3 64. Ke3 Nc6 65. Nxb4 Nxb4
66. Kf4 Nd3+ 1/2-1/2

[Event "Thanksgiving op"]
[Site "Winnipeg CAN"]
[Date "2002.10.12"]
[Round "2.9"]
[White "Anderson, Collin"]
[Black "Bal, Shibashis"]
[Result "1-0"]
[WhiteElo "1528"]
[BlackElo "1233"]
[PlyCount "91"]
[EventDate "2002.10.11"]
[EventType "swiss"]
[EventRounds "5"]
[EventCountry "CAN"]

1. d4 c5 2. dxc5 Qa5+ 3. Nc3 Qxc5 4. Nf3 Nf6 5. g3 e5 6. Bg2 h6 7. O-O Be7 8.
e4 O-O 9. a3 b6 10. Be3 Qc7 11. Nxe5 Ba6 12. Nd3 Bb7 13. Re1 Na6 14. Bf4 d6 15.
Qe2 Bc8 16. e5 Bg4 17. f3 Be6 18. exf6 Bxf6 19. Ne4 Bd4+ 20. Kh1 Qd7 21. Rad1
Rfe8 22. c3 Bb3 23. cxd4 Bxd1 24. Qxd1 d5 25. Nc3 Rxe1+ 26. Qxe1 Re8 27. Qf2
Nc7 28. Bxc7 Qxc7 29. Nxd5 Qc4 30. N5b4 a5 31. Qc2 Qxd4 32. Nc6 Qd7 33. h3 Qc7
34. Kh2 Re6 35. f4 g5 36. Qc4 g4 37. hxg4 Rg6 38. Nde5 Rg7 39. Bd5 Kh7 40. Bxf7
Qc8 41. Qe4+ Kh8 42. Ng6+ Rxg6 43. Bxg6 Qxg4 44. Qe5+ Kg8 45. Ne7+ Kf8 46. Qf6#
1-0

[Event "Thanksgiving op"]
[Site "Winnipeg CAN"]
[Date "2002.10.12"]
[Round "3"]
[White "Bal, Shibashis"]
[Black "Lange, John"]
[Result "0-1"]
[WhiteElo "1233"]
[BlackElo "1417"]
[PlyCount "88"]
[EventDate "2002.10.11"]
[EventType "swiss"]
[EventRounds "5"]
[EventCountry "CAN"]

1. d4 e6 2. a3 d5 3. Nf3 c5 4. Nc3 cxd4 5. Qxd4 Nd7 6. e3 Ngf6 7. Ne5 a6 8. Be2
Bc5 9. Qf4 Bd6 10. Qg5 Bxe5 11. Qxg7 Ne4 12. Qh6 Nxc3 13. Bh5 Qf6 14. Qxf6 Nxf6
15. Bf3 Bd7 16. a4 Nxa4 17. O-O Bb5 18. Rd1 Nxb2 19. Bxb2 Bxb2 20. Ra2 Be5 21.
Rb1 Ke7 22. g3 h5 23. h3 h4 24. g4 Rad8 25. Bg2 Ne4 26. Ra3 Bd6 27. Raa1 Nc3
28. Rb3 Rc8 29. f4 Ne2+ 30. Kh2 Rxc2 31. g5 Bc6 32. Ra5 d4 33. Bxc6 Nc1+ 34.
Kg1 Nxb3 35. Be4 Nxa5 36. Bxc2 dxe3 37. Kf1 Bxf4 38. g6 f6 39. Ke2 Nc4 40. Be4
b5 41. Bb7 a5 42. Ba6 Nd6 43. Kf3 Rg8 44. Kxf4 e2 0-1

[Event "Thanksgiving op"]
[Site "Winnipeg CAN"]
[Date "2002.10.12"]
[Round "3"]
[White "Mu, Yuchen"]
[Black "Haapamaki, Eric"]
[Result "0-1"]
[WhiteElo "1880"]
[BlackElo "1827"]
[PlyCount "42"]
[EventDate "2002.10.11"]
[EventType "swiss"]
[EventRounds "5"]
[EventCountry "CAN"]

1. e4 e5 2. f4 d5 3. exd5 c6 4. Nf3 exf4 5. dxc6 Nxc6 6. Bb5 Bd6 7. Nc3 Bg4 8.
O-O Nge7 9. Kh1 O-O 10. d4 Nf5 11. Bxc6 bxc6 12. Ne2 g5 13. Qd3 Re8 14. Bd2 Ne3
15. Bxe3 Rxe3 16. Qc4 Qe7 17. Rae1 Re8 18. Neg1 Bxf3 19. Nxf3 Rxe1 20. Nxe1
Qxe1 21. h3 f3 0-1